| 000 | 00940nam a22001577a 4500 | ||
|---|---|---|---|
| 020 |
_a9788181468978 _c85.00 |
||
| 082 | _aक | ||
| 245 |
_aचार दोस्त / _cदीपा बलसावर;अमृता काठेड़ द्वारा चित्रांकित;शिवानी अरोड़ा द्वारा अनुदित |
||
| 260 |
_aचैन्नई _bतूलिका पब्लिशर्स _c2010 |
||
| 270 |
_a13 पृथ्वी ऐवन्यु, अभिरमपुरम _bचैन्नई _e600018 |
||
| 300 |
_aअ.पृ. _bसचित्र _c18सेमी (अजिल्द) |
||
| 700 |
_aकाठेड़, अमृता _941133 |
||
| 700 |
_aअरोड़ा, शिवानी _941134 |
||
| 942 |
_2ddc _cCH _hक _mचारदो |
||
| 999 |
_c62223 _d62223 |
||